000 01107cam a2200265 i 4500
003 SA-RiAUC
005 20260419144138.0
008 260419s1997 su g 00010 ara c
020 _a9960291723
040 _aSA-RiIDS
_bara
_cSA-RiAUC
_erda
082 0 4 _a213
090 _a213
_bت ر ك
100 1 _aالتركي، عبد الله بن عبد المحسن،
_d1359 هجري-
_eمؤلف.
245 1 2 _aالأمة الوسط والمناهج النبوي في الدعوة إلى الله /
_cعبد الله عبد المحسن التركي.
264 1 _aالرياض :
_bوزارة الشؤون الإسلامية والأوقاف والدعوة والإرشاد،
_c1997
300 _a142 صفحة ؛
_c17 سم.
336 _aنص
_btxt
_2rdacontent
_3كتاب
337 _aبدون وسيط
_bn
_2rdamedia
338 _aمجلد
_bnc
_2rdacarrier
440 0 _aالكتب الجديدة (مكتبة العبيكان)
650 7 _aالدعوة الإسلامية
_2aucsh
650 7 _aالوعظ والإرشاد
_2aucsh
942 _2ddc
_cBOOK
_n0
949 _aSA-JeALM
_d260419
_umohamedma123
_n1
999 _c14839
_d14839